[Event "Split op 1st"]
[Site "Split"]
[Date "2011.08.08"]
[Round "4"]
[White "Drazic, Sinisa"]
[Black "Bjelicic, Jan"]
[Result "1-0"]
[WhiteElo "2501"]
[BlackElo "2141"]
[PlyCount "85"]
[EventDate "2011.08.05"]
[EventType "swiss"]
[EventRounds "9"]
[EventCountry "CRO"]
[SourceTitle "CBM 143 Extra"]
[Source "ChessBase"]
[SourceDate "2011.08.29"]
[SourceVersion "1"]
[SourceVersionDate "2011.08.29"]
[SourceQuality "1"]

1. d4 d5 2. c4 c6 3. Nf3 Nf6 4. e3 e6 5. Bd3 Nbd7 6. b3 Bd6 7. Bb2 0-0 8. Nbd2 Re8 9. Ne5 Bb4 10. Nxd7 Nxd7 11. 0-0 e5 12. cxd5 cxd5 13. dxe5 Nxe5 14. Nf3 Nxd3 15. Qxd3 Be7 16. Rfd1 Be6 17. Nd4 Bf6 18. Rac1 Qd7 19. Nxe6 fxe6 20. Bxf6 gxf6 21. e4 Rac8 22. Qd4 Rxc1 23. Rxc1 e5 24. Qxd5+ Qxd5 25. exd5 Rd8 26. Kf1 Rxd5 27. Rc8+ Kg7 28. Rc7+ Kg6 29. Rxb7 Rd2 30. Rxa7 f5 31. g3 h5 32. Ra6+ Kg5 33. h4+ Kg4 34. Kg2 f4 35. Rg6+ Kf5 36. Rg5+ Ke4 37. gxf4 exf4 38. Ra5 Rc2 39. a3 Rb2 40. Rb5 Ra2 41. a4 Rb2 42. Rb4+ Kf5 43. Kf3 1-0

[Event "Split op 1st"]
[Site "Split"]
[Date "2011.08.06"]
[Round "2"]
[White "Doric, Darko"]
[Black "Bjelicic, Jan"]
[Result "1-0"]
[WhiteElo "2491"]
[BlackElo "2141"]
[PlyCount "95"]
[EventDate "2011.08.05"]
[EventType "swiss"]
[EventRounds "9"]
[EventCountry "CRO"]
[SourceTitle "CBM 143 Extra"]
[Source "ChessBase"]
[SourceDate "2011.08.29"]
[SourceVersion "1"]
[SourceVersionDate "2011.08.29"]
[SourceQuality "1"]

1. d4 d5 2. c4 c6 3. Nc3 Nf6 4. Nf3 e6 5. Bg5 h6 6. Bh4 Be7 7. e3 Nbd7 8. Qc2 0-0 9. Rd1 Qa5 10. Nd2 Bb4 11. Be2 Bxc3 12. bxc3 b5 13. c5 Re8 14. Bxf6 Nxf6 15. f4 Bd7 16. 0-0 Rab8 17. a3 Rb7 18. h3 Reb8 19. g4 Qd8 20. Bd3 a5 21. Rb1 b4 22. cxb4 axb4 23. a4 Ne8 24. Nb3 f5 25. Qg2 Qh4 26. Rf3 Nf6 27. Rg3 fxg4 28. hxg4 e5 29. dxe5 Nxg4 30. Nd4 h5 31. Rh3 Qf2+ 32. Qxf2 Nxf2 33. Bh7+ Kxh7 34. Rxh5+ Kg8 35. Kxf2 b3 36. Rb2 Ra7 37. Rxb3 Rxb3 38. Nxb3 Rxa4 39. Rh1 Ra2+ 40. Kf3 Bf5 41. Ra1 Be4+ 42. Kg3 Re2 43. Nd4 Rxe3+ 44. Kg4 Rc3 45. e6 Bg6 46. Ra8+ Kh7 47. f5 Re3 48. Kg5 1-0

[Event "CRO-Cup 20th"]
[Site "Sibenik"]
[Date "2011.05.21"]
[Round "5.121"]
[White "Bjelicic, Jan"]
[Black "Krnic, Ivan"]
[Result "0-1"]
[WhiteElo "2151"]
[BlackElo "2182"]
[PlyCount "144"]
[EventDate "2011.05.18"]
[EventType "team-swiss"]
[EventRounds "6"]
[EventCountry "CRO"]
[SourceTitle "CBM 142 Extra"]
[Source "ChessBase"]
[SourceDate "2011.06.27"]
[SourceVersion "1"]
[SourceVersionDate "2011.06.27"]
[SourceQuality "1"]
[WhiteTeam "Krizevci"]
[BlackTeam "Split"]
[WhiteTeamCountry "CRO"]
[BlackTeamCountry "CRO"]

1. e4 c5 2. Nf3 g6 3. c3 Bg7 4. d4 cxd4 5. cxd4 d5 6. e5 Bg4 7. Bb5+ Nc6 8. Qa4 Bxf3 9. gxf3 Qb6 10. Bd2 a6 11. Bxc6+ bxc6 12. Bg5 Qb7 13. Nd2 Nh6 14. Rc1 Rc8 15. Nb3 0-0 16. Rc2 Nf5 17. Ke2 Bh6 18. Bd2 Bxd2 19. Kxd2 Nh4 20. Ke2 Qd7 21. Nd2 f6 22. Rhc1 fxe5 23. Rxc6 Rxc6 24. Qxc6 Qxc6 25. Rxc6 Nf5 26. Nb3 exd4 27. Rxa6 Kf7 28. Kd3 Rb8 29. f4 h5 30. Ra4 h4 31. h3 e6 32. Ra7+ Kg8 33. Rc7 Rb6 34. Kc2 Ra6 35. a3 Rb6 36. Nc5 d3+ 37. Nxd3 Nd4+ 38. Kd2 Rb3 39. Rc3 Rb8 40. b4 Ra8 41. Nb2 Nb5 42. Rc5 Nd6 43. Ra5 Ne4+ 44. Ke3 Rc8 45. a4 Rc2 46. Nd3 Nd6 47. Ra8+ Kg7 48. b5 Ra2 49. Kf3 Ra3 50. Ra7+ Kf6 51. Rd7 Rxd3+ 52. Ke2 Ne4 53. b6 Rb3 54. a5 Rb5 55. Ra7 Nd6 56. Kd3 e5 57. fxe5+ Kxe5 58. Re7+ Kf6 59. Ra7 Ke6 60. Kd4 Nf5+ 61. Kd3 Ne7 62. Ra8 Nc6 63. Rg8 Nxa5 64. Rxg6+ Ke5 65. Rg5+ Kd6 66. f3 Nc4 67. Rh5 Ne5+ 68. Ke2 Rb2+ 69. Ke3 Rxb6 70. Rh6+ Kc5 71. Rxb6 Nc4+ 72. Kd3 Nxb6 0-1

[Event "CRO-Cup 20th"]
[Site "Sibenik"]
[Date "2011.05.19"]
[Round "2.121"]
[White "Bjelicic, Jan"]
[Black "Pucovski, Miroslav"]
[Result "0-1"]
[WhiteElo "2151"]
[BlackElo "2291"]
[PlyCount "76"]
[EventDate "2011.05.18"]
[EventType "team-swiss"]
[EventRounds "6"]
[EventCountry "CRO"]
[SourceTitle "CBM 142 Extra"]
[Source "ChessBase"]
[SourceDate "2011.06.27"]
[SourceVersion "1"]
[SourceVersionDate "2011.06.27"]
[SourceQuality "1"]
[WhiteTeam "Krizevci"]
[BlackTeam "Ilok"]
[WhiteTeamCountry "CRO"]
[BlackTeamCountry "CRO"]

1. e4 c5 2. Nf3 Nc6 3. d4 cxd4 4. Nxd4 e5 5. Nb5 d6 6. N1c3 a6 7. Na3 b5 8. Nd5 Nce7 9. c4 Nxd5 10. exd5 bxc4 11. Nxc4 Be7 12. Be3 Rb8 13. Be2 Nf6 14. a4 0-0 15. 0-0 Rb4 16. Bd2 Nxd5 17. Bxb4 Nxb4 18. Qb3 a5 19. Rfd1 Be6 20. Qc3 f6 21. f4 e4 22. Kh1 d5 23. Ne3 Qb6 24. Rac1 Rc8 25. Qxc8+ Bxc8 26. Rxc8+ Kf7 27. Nxd5 Nxd5 28. Bc4 e3 29. Rxd5 Kg6 30. Bd3+ Kh6 31. g4 g6 32. Rc2 Qe6 33. Rd4 Qxg4 34. Be2 Qh4 35. Rd7 Qe1+ 36. Kg2 Qf2+ 37. Kh3 Qxf4 38. Rdc7 Bd6 0-1

[Event "CRO-Cup 20th"]
[Site "Sibenik"]
[Date "2011.05.18"]
[Round "1.121"]
[White "Trbojevic, Mladen"]
[Black "Bjelicic, Jan"]
[Result "1/2-1/2"]
[WhiteElo "2343"]
[BlackElo "2151"]
[PlyCount "64"]
[EventDate "2011.05.18"]
[EventType "team-swiss"]
[EventRounds "6"]
[EventCountry "CRO"]
[SourceTitle "CBM 142 Extra"]
[Source "ChessBase"]
[SourceDate "2011.06.27"]
[SourceVersion "1"]
[SourceVersionDate "2011.06.27"]
[SourceQuality "1"]
[WhiteTeam "Strigova Stridon"]
[BlackTeam "Krizevci"]
[WhiteTeamCountry "CRO"]
[BlackTeamCountry "CRO"]

1. e4 c5 2. c3 d5 3. exd5 Qxd5 4. d4 Nf6 5. Nf3 e6 6. Be3 cxd4 7. cxd4 Nc6 8. Nc3 Qd6 9. Bd3 Be7 10. 0-0 0-0 11. a3 a6 12. Qe2 b5 13. Rad1 Bb7 14. Bg5 b4 15. axb4 Nxb4 16. Bb1 Nbd5 17. Ne5 h6 18. Bxf6 Nxf6 19. Qd3 Rfd8 20. Ng4 Qf4 21. Nxf6+ Bxf6 22. Qh7+ Kf8 23. Be4 Rab8 24. d5 Bxc3 25. bxc3 Ke7 26. Rfe1 Kf6 27. g3 Qg5 28. Bf3 Bxd5 29. Bxd5 Rxd5 30. Qe4 Rbd8 31. Rxd5 Qxd5 32. Qf4+ Kg6 1/2-1/2

[Event "Pula op 24th"]
[Site "Pula"]
[Date "2010.06.24"]
[Round "7"]
[White "Dimitrijevic, Aleksandra"]
[Black "Bjelicic, Jan"]
[Result "1/2-1/2"]
[WhiteElo "2286"]
[BlackElo "2128"]
[PlyCount "108"]
[EventDate "2010.06.19"]
[EventType "swiss"]
[EventRounds "9"]
[EventCountry "CRO"]
[SourceTitle "CBM 137 Extra"]
[Source "ChessBase"]
[SourceDate "2010.09.01"]
[SourceVersion "1"]
[SourceVersionDate "2010.09.01"]
[SourceQuality "1"]

1. c4 Nf6 2. Nf3 e6 3. g3 d5 4. Bg2 Be7 5. 0-0 0-0 6. d3 c5 7. e3 Nc6 8. Qe2 d4 9. exd4 cxd4 10. a3 a5 11. Ne5 Nxe5 12. Qxe5 Qb6 13. Nd2 Bd6 14. Qe2 Bd7 15. f4 e5 16. fxe5 Rae8 17. Nf3 Bg4 18. Bf4 Nd7 19. Rae1 Nxe5 20. Bxe5 Rxe5 21. Qf2 Rf5 22. Qd2 Qd8 23. Re4 h5 24. b4 Re8 25. c5 Be5 26. Nxe5 Rexe5 27. Rfe1 Qe7 28. Rxe5 Rxe5 29. Rxe5 Qxe5 30. Bxb7 axb4 31. axb4 h4 32. Kg2 h3+ 33. Kf2 Qe6 34. Be4 f5 35. Bb7 Qd7 36. Qa2+ Kh7 37. Bd5 Qe7 38. Qd2 Qd7 39. Bh1 Qe6 40. c6 Qe7 41. Qe1 Qa7 42. Bd5 Qb6 43. Qe7 Qa6 44. c7 Qxd3 45. Bg8+ Kh6 46. Qd6+ Kg5 47. Qf4+ Kf6 48. Qd6+ Kg5 49. Qe7+ Kh6 50. Qh4+ Kg6 51. Qh7+ Kf6 52. Qh4+ Kg6 53. Bh7+ Kf7 54. Bg8+ Kg6 1/2-1/2

[Event "Pula op 24th"]
[Site "Pula"]
[Date "2010.06.20"]
[Round "2"]
[White "Bjelicic, Jan"]
[Black "Barle, Janez"]
[Result "0-1"]
[WhiteElo "2128"]
[BlackElo "2404"]
[PlyCount "100"]
[EventDate "2010.06.19"]
[EventType "swiss"]
[EventRounds "9"]
[EventCountry "CRO"]
[SourceTitle "CBM 137 Extra"]
[Source "ChessBase"]
[SourceDate "2010.09.01"]
[SourceVersion "1"]
[SourceVersionDate "2010.09.01"]
[SourceQuality "1"]

1. e4 c5 2. Nf3 a6 3. c3 d5 4. exd5 Qxd5 5. d4 Nf6 6. Be3 cxd4 7. cxd4 e6 8. Nc3 Qd6 9. Bd3 Be7 10. 0-0 0-0 11. Rc1 Nc6 12. Ne4 Nxe4 13. Bxe4 Nb4 14. Qb3 f5 15. Bb1 b5 16. Rfd1 Bb7 17. Bd2 Bxf3 18. Qxf3 Nd5 19. a3 Bf6 20. Ba2 Bxd4 21. Bxd5 Qxd5 22. Qxd5 exd5 23. Bb4 Rfc8 24. Rb1 Bc5 25. Bxc5 Rxc5 26. b4 Rc3 27. Rxd5 g6 28. Ra1 Rac8 29. Kf1 R8c6 30. Rd7 Rc1+ 31. Rxc1 Rxc1+ 32. Ke2 Ra1 33. Rd3 Kf7 34. h4 Ke6 35. Ke3 Rc1 36. g3 Rc4 37. Rd4 Rc2 38. Rd2 Rc3+ 39. Rd3 Rxd3+ 40. Kxd3 Kd5 41. f3 Ke5 42. Ke3 Kd5 43. Kd3 Ke5 44. Ke3 f4+ 45. gxf4+ Kf5 46. Ke2 Kxf4 47. Kf2 h5 48. Kg2 g5 49. hxg5 Kxg5 50. Kg3 h4+ 0-1

[Event "CRO-chT2 Center"]
[Site "Zagreb"]
[Date "2010.03.28"]
[Round "3.61"]
[White "Bjelicic, Jan"]
[Black "Nemeth, Miklos"]
[Result "0-1"]
[WhiteElo "2105"]
[BlackElo "2468"]
[PlyCount "126"]
[EventDate "2010.03.21"]
[EventType "team-tourn"]
[EventRounds "11"]
[EventCountry "CRO"]
[SourceTitle "EXT 2012"]
[Source "ChessBase"]
[SourceDate "2011.11.24"]
[SourceVersion "1"]
[SourceVersionDate "2011.11.24"]
[SourceQuality "1"]

1. e4 e5 2. Nf3 Nc6 3. Bb5 a6 4. Bxc6 dxc6 5. 0-0 Qd6 6. d4 exd4 7. Qxd4 Qxd4 8. Nxd4 c5 9. Nb3 Bd7 10. Nc3 0-0-0 11. Bf4 c4 12. Nd2 Be6 13. Rad1 Ne7 14. Nf3 Rxd1 15. Rxd1 Ng6 16. Bg3 h5 17. h3 h4 18. Bh2 Be7 19. Nd5 Bd8 20. Nd4 Bxd5 21. exd5 Rh5 22. Ne2 Bf6 23. b3 b5 24. d6 cxd6 25. Rxd6 cxb3 26. cxb3 a5 27. Kf1 Rc5 28. Ke1 Be7 29. Rd3 Rg5 30. g4 hxg3 31. Bxg3 Bb4+ 32. Kf1 Rh5 33. Nf4 Nxf4 34. Bxf4 Rc5 35. Bd2 Bxd2 36. Rxd2 Kc7 37. Ke2 Kc6 38. Ke3 Rh5 39. Rc2+ Kb6 40. Rc8 Rxh3+ 41. Ke4 Rh2 42. Ke3 Rh6 43. Rb8+ Kc5 44. a3 Ra6 45. Rb7 Re6+ 46. Kd3 Rf6 47. Ke3 g5 48. Ra7 Kb6 49. Ra8 g4 50. Rb8+ Kc6 51. Ra8 Rf3+ 52. Ke2 Kb6 53. Rb8+ Kc5 54. Ra8 Rxb3 55. Rxa5 Kd4 56. a4 Rb2+ 57. Kf1 b4 58. Rg5 Kc3 59. Rxg4 Rd2 60. Rg8 Rd7 61. Rc8+ Kb2 62. a5 b3 63. Rb8 Ka2 0-1

[Event "Mediterranean op 3rd"]
[Site "Rijeka"]
[Date "2009.12.03"]
[Round "7"]
[White "Debray, Christopher"]
[Black "Bjelicic, Jan"]
[Result "1/2-1/2"]
[WhiteElo "2358"]
[BlackElo "2087"]
[PlyCount "118"]
[EventDate "2009.11.27"]
[EventType "swiss"]
[EventRounds "9"]
[EventCountry "CRO"]
[SourceTitle "CBM 133 Extra"]
[Source "ChessBase"]
[SourceDate "2010.01.05"]
[SourceVersion "1"]
[SourceVersionDate "2010.01.05"]
[SourceQuality "1"]

1. e4 c5 2. Nf3 Nc6 3. Nc3 d6 4. Bb5 Bd7 5. 0-0 Nf6 6. Re1 e5 7. Nd5 Nxd5 8. exd5 Nd4 9. Bxd7+ Qxd7 10. c3 Nxf3+ 11. Qxf3 Be7 12. d4 cxd4 13. cxd4 f6 14. Qb3 0-0 15. dxe5 fxe5 16. Be3 a6 17. Rac1 Rac8 18. a4 Kh8 19. Rc3 Rxc3 20. bxc3 h6 21. Rb1 Bf6 22. Qxb7 Qxa4 23. Qc7 Qa2 24. Qb7 Qa4 25. g3 Qc4 26. Rb6 a5 27. Rxd6 Qxc3 28. Ra6 Qb4 29. Qxb4 axb4 30. Rb6 Rd8 31. d6 Bg5 32. Bc5 Bd2 33. Rb7 Kh7 34. d7 Bg5 35. Bxb4 Kg6 36. Ba5 Ra8 37. Bc7 Kf5 38. Rb5 Ke6 39. Bxe5 g6 40. f4 Bd8 41. Rb7 Ra2 42. Bc7 Kxd7 43. Bxd8+ Kxd8 44. Rb6 g5 45. Rxh6 gxf4 46. gxf4 Ke7 47. Rg6 Kf7 48. Rg2 Ra4 49. Rf2 Kf6 50. Kg2 Kf5 51. Kg3 Ra8 52. h4 Rg8+ 53. Kh3 Rh8 54. Ra2 Kxf4 55. Ra5 Rb8 56. h5 Rb3+ 57. Kh4 Rb1 58. Ra4+ Kf5 59. Kg3 Rb3+ 1/2-1/2

[Event "CRO-ch U17"]
[Site "Bjelolasica"]
[Date "2009.07.30"]
[Round "7"]
[White "Ivekovic, Bozidar1111"]
[Black "Bjelicic, Jan"]
[Result "1/2-1/2"]
[WhiteElo "1954"]
[BlackElo "2058"]
[PlyCount "43"]
[EventDate "2009.07.26"]
[EventType "swiss"]
[EventRounds "9"]
[EventCountry "CRO"]
[SourceTitle "CBM 131 Extra"]
[Source "ChessBase"]
[SourceDate "2009.09.03"]
[SourceVersion "2"]
[SourceVersionDate "2009.09.16"]
[SourceQuality "1"]

1. e4 c5 2. Nf3 Nc6 3. Bb5 d6 4. Nc3 e5 5. Bxc6+ bxc6 6. h3 g5 7. d3 g4 8. Ng1 h5 9. Bd2 Bg7 10. Qe2 Ne7 11. hxg4 Bxg4 12. f3 Be6 13. Nh3 Ng6 14. g3 Bf6 15. 0-0-0 Rb8 16. b3 h4 17. g4 Nf4 18. Nxf4 exf4 19. Na4 Be5 20. Bc3 Bxc3 21. Nxc3 Qf6 22. Na4 1/2-1/2

[Event "CRO-ch U17"]
[Site "Bjelolasica"]
[Date "2009.07.29"]
[Round "5"]
[White "Stocko, Josip"]
[Black "Bjelicic, Jan"]
[Result "1-0"]
[WhiteElo "2138"]
[BlackElo "2058"]
[PlyCount "59"]
[EventDate "2009.07.26"]
[EventType "swiss"]
[EventRounds "9"]
[EventCountry "CRO"]
[SourceTitle "CBM 131 Extra"]
[Source "ChessBase"]
[SourceDate "2009.09.03"]
[SourceVersion "2"]
[SourceVersionDate "2009.09.16"]
[SourceQuality "1"]

1. Nf3 Nf6 2. g3 b6 3. Bg2 Bb7 4. 0-0 c5 5. d3 e6 6. e4 d6 7. h3 Be7 8. Nh2 Qc7 9. Nc3 a6 10. g4 Nc6 11. Ne2 b5 12. c3 0-0 13. f4 Nd7 14. Ng3 b4 15. g5 f5 16. Qb3 d5 17. exf5 Na5 18. Qc2 b3 19. Qe2 exf5 20. Qe6+ Kh8 21. Nxf5 Rae8 22. Nxe7 Nb6 23. Ng6+ hxg6 24. Qxg6 Qc6 25. Qh5+ Kg8 26. g6 Rf6 27. Qh7+ Kf8 28. f5 Re2 29. Qh8+ Ke7 30. Bg5 1-0

[Event "CRO-Cup 18th"]
[Site "Sibenik"]
[Date "2009.05.22"]
[Round "3"]
[White "Rubil, Marko"]
[Black "Bjelicic, Jan"]
[Result "0-1"]
[WhiteElo "2071"]
[BlackElo "2031"]
[PlyCount "80"]
[EventDate "2009.05.20"]
[EventType "team-tourn"]
[EventRounds "5"]
[EventCountry "CRO"]
[SourceTitle "CBM 130 Extra"]
[Source "ChessBase"]
[SourceDate "2009.07.02"]
[SourceVersion "2"]
[SourceVersionDate "2009.07.15"]
[SourceQuality "1"]

1. e4 c6 2. d4 d5 3. e5 Bf5 4. h4 h5 5. c4 e6 6. Nc3 Nd7 7. Nf3 dxc4 8. Bxc4 Nb6 9. Be2 Ne7 10. Bg5 Qd7 11. 0-0 Bg4 12. Ne4 Nf5 13. Be3 Nd5 14. Bc1 Nb6 15. Be3 Be7 16. g3 Nd5 17. Qb3 Ndxe3 18. fxe3 0-0 19. Kh2 Rad8 20. Nf2 Qd5 21. Nxg4 hxg4 22. Ne1 Qxb3 23. axb3 Nxe3 24. Rf4 Nf5 25. Nc2 c5 26. Rxg4 cxd4 27. Bd3 Ne3 28. Nxe3 dxe3 29. Bc4 Rd2+ 30. Kh3 Bc5 31. Rb1 Rfd8 32. Rf4 R8d4 33. Kg4 Rf2 34. Rxd4 Bxd4 35. Rd1 Bxe5 36. Re1 Bd4 37. Be2 Bxb2 38. Bf3 f5+ 39. Kf4 e5+ 40. Kxe3 Bd4+ 0-1

[Event "EU-ch U16 17th"]
[Site "Sibenik"]
[Date "2007.09.16"]
[Round "3"]
[White "Bjelicic, Jan"]
[Black "Alonso Rosell, Alvar"]
[Result "0-1"]
[WhiteElo "2101"]
[BlackElo "2285"]
[PlyCount "98"]
[EventDate "2007.09.14"]
[EventType "swiss"]
[EventRounds "9"]
[EventCountry "CRO"]
[SourceTitle "CBM 120 Extra"]
[Source "ChessBase"]
[SourceDate "2007.11.01"]
[SourceVersion "1"]
[SourceVersionDate "2007.11.01"]
[SourceQuality "1"]

1. e4 c5 2. Nf3 d6 3. d4 cxd4 4. Nxd4 Nf6 5. Nc3 a6 6. Be3 Ng4 7. Bg5 h6 8. Bh4 g5 9. Bg3 Bg7 10. Be2 Ne5 11. f3 Nbc6 12. Bf2 Be6 13. Qd2 Qa5 14. Rd1 0-0 15. a3 Rac8 16. 0-0 Nxd4 17. Bxd4 Ng6 18. Bxg7 Kxg7 19. g3 f5 20. Kg2 f4 21. Nd5 Qxd2 22. Rxd2 Bxd5 23. exd5 Ne5 24. c3 Rc5 25. g4 b5 26. Rd4 h5 27. h3 Rh8 28. Rh1 hxg4 29. hxg4 Rxh1 30. Kxh1 a5 31. Kg2 Nd7 32. c4 bxc4 33. Bxc4 Nb6 34. b3 a4 35. Kf2 axb3 36. Bxb3 Rc3 37. Rb4 Nd7 38. a4 Nc5 39. Bc4 Ra3 40. Bb5 Kf6 41. Ke2 Ke5 42. Bc6 Re3+ 43. Kd2 Rxf3 44. Rb8 Re3 45. a5 Ra3 46. Ra8 f3 47. a6 Ne4+ 48. Kc2 Ra2+ 49. Kb3 Rxa6 0-1